Journal of colorism studies

Detalles Bibliográficos
Autor Corporativo: Intraracial Colorism Project
Formato: Electrónico Revista
Lenguaje:inglés
Publicado: Windsor Mill, Md. : The Intraracial Colorism Project, Inc.
Materias:
Acceso en línea:Full text available from Research Library: 01/12/2015 to 12/31/2016
Full text available from Research Library: 01/01/2018 to present

MARC

LEADER 00000nas a2200000 i 4500
001 ssj0001763381
003 WaSeSS
005 20200512172242.0
006 m d
007 cr n
008 130531c20159999mdufr p s 0 a0eng
010 |a  2013201313 
022 |a 2329-3187  |y 2381-327X 
035 |a (WaSeSS)ssj0001763381 
037 |b The Intraracial Colorism Project, Inc., P.O. Box 47576, Windsor Mill, MD 21244  |c free 
040 |a DLC  |b eng  |c DLC  |d OCLCQ  |d DLC  |d DKU  |d OCLCO  |d OCLCF  |d DLC  |d OCLCO  |d IUL  |d OCL  |d WaSeSS 
042 |a pcc  |a nsdp 
082 1 0 |a 303.385  |2 23 
222 0 |a Journal of colorism studies  |b (Online) 
245 0 0 |a Journal of colorism studies  |h [electronic resource]. 
246 1 |a JOCS 
260 |a Windsor Mill, Md. :  |b The Intraracial Colorism Project, Inc. 
310 |a Semiannual 
362 1 |a Began with: Volume 1, issue 1 (January 2015). 
506 |a License restrictions may limit access. 
550 |a "Official journal of the Intraracial Colorism Project, Inc.". 
588 |a Description based on: Volume 1, issue 1 (January 2015); title from PDF cover image (Intraracial Colorism Project website, viewed November 6, 2017). 
588 |a Latest issue consulted: Volume 2, issue 1 (2016) (viewed November 6, 2017). 
650 0 |a Colorism  |v Periodicals. 
650 7 |a Colorism.  |2 fast  |0 (OCoLC)fst01909400 
655 0 |a Electronic journals. 
710 2 |a Intraracial Colorism Project. 
776 0 8 |i Print version:  |t Journal of colorism studies  |x 2381-327X  |w (DLC) 2015202783  |w (OCoLC)922986492 
856 4 0 |z Full text available from Research Library: 01/12/2015 to 12/31/2016  |u https://search.proquest.com/publication/2035678 
856 4 0 |z Full text available from Research Library: 01/01/2018 to present  |u https://search.proquest.com/publication/2035678